000
00365nam a2200145Ia 4500
008
090124s9999 xx 000 0 und d
082
_b
400014
245
_a
काळा चोर
250
_a
1
260
_b
महाजन जगन्नाथ
300
_a
32
630
_a
काळा चोर
730
_a
काळा चोर
942
_c
BOOK
999
_c
195935
_d
195935